000
00189 a2200097 4500
020
_a
9781338542677
041
_a
eng
100
_a
Vickie lee
245
_a
rubys chinese new year
942
_c
K
999
_c
30279
_d
30277